000
00324nam a2200109Ia 4500
008
171204s9999 xx 000 0 und d
245
_a
Encyclopedia of Tourism:
245
_c
Honggen Xiao and Jafar Jafari
260
_c
2016
650
_x
Principles of Tourism 1 &2
856
_u
http://down.ebook777.com/044/9783319013831.pdf
999
_c
346703
_d
346703